000 01037nam a2200265Ia 4500
003 OSt
005 20221005110505.0
006 a|||||r|||| 00| 0
007 ta
008 221004b |||||||| |||| 00| 0 hin d
020 _a9788121407526 (hbk)
_c800
024 _a21731
037 _b87, 09/02/2015, Mallika Books
_cTextual
040 _aCRL
_cCRL
_bhin
041 _2hin
_ahin
082 _aO152,1N292:g, Q3
100 _aराणे, शोभा साहेबराव
_9163985
245 0 _aरघुवीर सहाय का काव्य
_b एक अनुशीलन
246 _aRaghuvīr sahāya kā kāvya: ek anushīlana
260 _aनई दिल्ली
_bनेशनल पब्लिशिंग हाउस भारत
_c2013
300 _a343पृ0
_ccm.
650 _aहिन्दी साहित्य
942 _hO152,1N292:g, Q3
_cTEXL
_2cc
999 _c1018991
_d1018991